| 000 | 00840nam a2200217 a 4500 | ||
|---|---|---|---|
| 003 | 0 | ||
| 005 | 20250324085954.0 | ||
| 008 | 060801s19uu xx 00 eng d | ||
| 050 |
_aPGS TP 994.C6.F66 _b.F961 2006 |
||
| 100 | _aFukuda, Nikko Jay. | ||
| 245 |
_aA feasibility study on the use of coconut oil as an additive homemade floor wax / _cNikko Jay Fukuda. |
||
| 260 |
_aLas PiƱas City, Philippines : _bSouthville International School and Colleges, _c2006. |
||
| 300 |
_a20 pages : _billustrations ; _c28 cm. |
||
| 504 | _aIncludes bibliographical references. | ||
| 650 |
_aFloor wax _vComposition. |
||
| 650 |
_aCoconut oil _vIndustrial applications. |
||
| 650 |
_aPolishes and waxes _vTesting. |
||
| 650 |
_aSustainable materials _vHousehold products. |
||
| 650 |
_aFeasibility studies _vChemical industry. |
||
| 942 |
_2lcc _cPASS |
||
| 999 |
_c97481 _d97481 |
||